00394nam a2200145Ia 4500100001800000942000700018654001300025245003500038260003200073082001400105300000800119546001200127999001700139952009200156 aAnderson Don  cBK acomputer aCardbus Systems Architecture bAddison WeslyaMumbaic1996 a4.62bAND a407 aENGLISH c22996d22996 001040708CRCaCRCEbCRCEd2023-03-17l0o4.62 ANDp10201r2023-03-17w2023-03-17yBK